000 00304nam a2200121Ia 4500
008 191201s2012 xx 000 0 und d
100 _aSHARMA, RD
245 0 _aApplied mathematics Vol-II
250 _aRep
260 _c2012
_bDhanpat Rai Pubns (P) Ltd
_aNEW DELHI
300 _amics.
942 _2ddc
_cBK
_01
999 _c7995
_d7995